UBT Library

Differentiating surgical instruments / (Record no. 41073)

000 -LEADER
fixed length control field 00639cam a22002294a 4500
001 - CONTROL NUMBER
control field 14014574
005 - DATE AND TIME OF LATEST TRANSACTION
control field 20180127034648.0
008 - FIXED-LENGTH DATA ELEMENTS--GENERAL INFORMATION
fixed length control field 050624s2005 paua 001 0 eng
010 ## - LIBRARY OF CONGRESS CONTROL NUMBER
LC control number 2005278751
020 ## - INTERNATIONAL STANDARD BOOK NUMBER
International Standard Book Number 0803612249
040 ## - CATALOGING SOURCE
Original cataloging agency DLC
Transcribing agency DLC
Modifying agency DLC
041 ## - LANGUAGE CODE
Language code of text/sound track or separate title eng
042 ## - AUTHENTICATION CODE
Authentication code pcc
080 ## - UNIVERSAL DECIMAL CLASSIFICATION NUMBER
Universal Decimal Classification number 617.9178
082 00 - DEWEY DECIMAL CLASSIFICATION NUMBER
Classification number 617.9178 RUT
Edition number 22
100 1# - Rafti
Rafti 5
101 ## - Shkurtesa
Shkurtesa SHK
245 10 - TITLE STATEMENT
Title Differentiating surgical instruments /
Statement of responsibility, etc Colleen Rutherford.
906 ## - LOCAL DATA ELEMENT F, LDF (RLIN)
a 7
b cbc
c orignew
d 2
e ncip
f 20
g y-gencatlg
942 ## - ADDED ENTRY ELEMENTS (KOHA)
Source of classification or shelving scheme
Item type Books
Holdings
Withdrawn status Lost status Source of classification or shelving scheme Damaged status Not for loan Collection code Permanent location Current location Shelving location Date acquired Total Checkouts Full call number Barcode Date last seen Price effective from Koha item type
          Koleksioni i përgjithshem UBT - Lipjan UBT - Lipjan Koleksioni i përgjithshem 01/27/2018   617.9178 RUT 002-2996448 01/27/2018 01/27/2018 Books
          Koleksioni i përgjithshem UBT - Lipjan UBT - Lipjan Koleksioni i përgjithshem 01/27/2018   617.9178 RUT 002-2996463 01/27/2018 01/27/2018 Books
UBT Library © 2015-2024. All rights reserved University Education for Business and Technology